| 000 | 00545nam a2200181 a 4500 | ||
|---|---|---|---|
| 005 | 20140412111342.0 | ||
| 008 | 040114s19uu xx 00 eng d | ||
| 020 | _a0-439-13520-6 | ||
| 050 |
_aTR(PS E _bRe25 2000 |
||
| 100 | _aPallota, Jerry | ||
| 245 |
_aReese's pieces: count by fives / _cby Jerry Pallota ; illustrated by Rob Bolster. |
||
| 260 |
_aNew York : _bScholastic Inc, _c2000. |
||
| 300 | _a[30] p. ; ill. | ||
| 650 | _aCounting--Juvenile literature | ||
| 650 | _aSkip counting | ||
| 650 | _aChildren stories | ||
| 999 |
_c105144 _d105144 |
||